Top Country by Production - Statistics

General Stats
  • This quiz has been taken 34 times
  • The average score is 18 of 30
Answer Stats
Hint Answer % Correct
Aircraft United States of America
96%
Coffee Brazil
85%
Beer China
85%
Coal China
78%
Paper China
78%
Cheese United States of America
78%
Corn United States of America
78%
Computers China
74%
Potatoes China
74%
Rice China
74%
Oil United States of America
74%
Meat China
70%
Steel China
70%
Sugar Brazil
67%
Fabric China
67%
Spices India
67%
Gold China
63%
Tobacco China
63%
Bananas India
63%
Wine Italy
63%
Diamonds Russia
59%
Copper Chile
48%
Cosmetics France
48%
Silver Mexico
44%
Chocolate Côte d’Ivoire
33%
Uranium Kazakhstan
33%
Vodka Sweden
30%
Rubber Thailand
30%
Opium Myanmar
26%
Emeralds Colombia
22%
No matching quizzes found
Score Distribution
Percent of People with Each Score
Percentile by Number Answered
Your Score History
You have not taken this quiz